000 00365 a2200157 4500
001 157502
040 _cEscola São Tomás de Aquino
100 _aPORTO, Cristina
240 1 0 _aO dicionário de Serafina
_l
245 1 0 _aO dicionário de Serafina
300 _a40
362 0 _a1985
440 1 _aÁtica
697 _a*LITERATURA INFANTO JUVENIL
942 _cBK
999 _c157502
_d157502